| 000 | 00466nam a2200181Ia 4500 | ||
|---|---|---|---|
| 003 | GCL | ||
| 008 | 140319s9999 xx 000 0 eng d | ||
| 020 | _a9812042679 | ||
| 040 |
_aGCL / _cGCL |
||
| 082 | 0 | 4 |
_a627.72 _bP D |
| 100 | 1 | _aPIPRELL, COLLIN | |
| 245 | 1 | 0 |
_aDIVING IN THAILAND / _cPIPRELL, COLLIN |
| 260 |
_aتايلانــد : _bASIA BOOKS ، _c2000 |
||
| 300 |
_a25 CM ؛ _c216 P |
||
| 650 | 0 | 4 | _aDIVING |
| 650 | 0 | 4 | _aDIVING - THAILAND |
| 942 |
_2ddc _cBK |
||
| 999 |
_c5902 _d5902 |
||